Govt. of
Madhya Pradesh

Mind And Soul Of India (Record no. 64925)

MARC details
000 -LEADER
fixed length control field 00259nam a2200109Ia 4500
008 - FIXED-LENGTH DATA ELEMENTS--GENERAL INFORMATION
fixed length control field 221009s9999 xx 000 0 und d
082 ## - DEWEY DECIMAL CLASSIFICATION NUMBER
Classification number 100/SIN
100 ## - MAIN ENTRY--PERSONAL NAME
Personal name Sinha A.K.
9 (RLIN) 81331
245 #0 - TITLE STATEMENT
Title Mind And Soul Of India
260 ## - PUBLICATION, DISTRIBUTION, ETC. (IMPRINT)
Name of publisher, distributor, etc. Anamika Publishers
942 ## - ADDED ENTRY ELEMENTS (KOHA)
Koha item type Books
Holdings
Withdrawn status Lost status Damaged status Not for loan Home library Current library Shelving location Date acquired Total Checkouts Barcode Date last seen Price effective from Koha item type
        MACL MACL General Stacks 11/10/2022   CRE031803 02/05/2024 11/10/2022 Books